[Event "Elgoibar 09th"]
[Site "Elgoibar"]
[Date "1999.??.??"]
[Round "2"]
[White "Fernandez Garcia, Jose Luis"]
[Black "Georgiev, Vladimir"]
[Result "1-0"]
[WhiteElo "2443"]
[BlackElo "2519"]
[Annotator "Gofshtein,L"]
[PlyCount "94"]
[EventDate "1999.11.??"]
[EventType "tourn"]
[EventRounds "9"]
[EventCountry "ESP"]
[EventCategory "9"]
[SourceTitle "CBM 075"]
[Source "ChessBase"]
[SourceDate "2000.04.05"]
[SourceVersion "1"]
[SourceVersionDate "2000.04.05"]
[SourceQuality "1"]

1. e4 c5 2. Nf3 Nc6 3. d4 cxd4 4. Nxd4 Nf6 5. Nc3 d6 6. Bg5 Bd7 7. Be2 Qa5 8.
Bxf6 gxf6 9. O-O Bg7 $6 $14 (9... e6 $2 10. Ndb5 Rd8 (10... O-O-O 11. Nxd6+
Bxd6 12. Qxd6 $16 {1-0 De Jong,P-Van Vucht,S/Moira intern 1985 (22)}) (10...
Qb6 11. Nxd6+ (11. Rb1 Ne5) 11... Bxd6 12. Qxd6 Qxb2 13. Nb5 Rc8 14. Qc5 $18)
11. Nxd6+ Bxd6 12. Qxd6 Bc8 13. Qf4 Ke7 14. Qe3 $16 {1-0 Raaste,E-Pirttimaki,T/
Espoo SM 1985 (42)}) (9... Qe5 10. Nf3 (10. Nb3 Bh6 11. Nd5 Kf8 12. Bd3 Qg5 13.
f4 Qg7 14. Kh1 Rg8 15. Rf2 Rd8 16. Bf1 f5 $132 {0-1 Kunz,W-Kaiser,D/OLWuert
1991 (51)}) 10... Qc5 (10... Qa5 11. Nd5 f5 12. exf5 Bxf5 $132) 11. Nd5 Rc8 12.
c3 a6 13. Nd4 Bg7 14. b4 Qa7 15. Bh5 Nxd4 16. cxd4 e6 17. Qg4 Kf8 18. Qf4 e5 (
18... exd5 19. Qxd6+ Ke8 20. exd5 $16) 19. dxe5 dxe5 20. Qf3 $16 {1-0 Stoica,
V-Kotronias,V/Istanbul 1988/Inf 46/ (25)}) (9... Qg5 $5 10. Nd5 Bh3 11. Bf3 Rg8
12. Ne3 $132) (9... Nxd4 10. Qxd4 Rc8 $132 (10... Qc5 11. Qxc5 dxc5 12. Bc4 $14
)) (9... h5 10. Nd5 h4 11. Nf5 Qd8 12. Nde3 Ne5 13. Qd4 Bc6 14. Rad1 $14 {
1/2-1/2 Teuton,F-Barbeau,S/Quebec ,EXT 1991 (61)}) (9... Rc8 10. Nb3 Qg5 11. f4
Qh4 12. g3 Rg8 13. Qe1 Qh3 14. Qf2 h5 15. Kh1 f5 16. Bf3 Bg7 17. Rae1 $132 {
1/2-1/2 Zude,A-Majer,D/Hessen-ch Doernigheim ,GER 1994 (28)}) (9... Rg8 $142
10. Nf5 $2 Bxf5 11. exf5 Qxf5 12. Nd5 O-O-O 13. b4 e6 14. Ne3 Qf4 $17 {0-1
Nijboer,F-Cifuentes Parada,R/Rotterdam NED 1999 (50)}) 10. Nd5 Nxd4 (10... Rg8
$5 11. b4 Qd8 (11... Nxb4 12. Nb3 $16) 12. c3 e6 13. Ne3 Nxd4 14. cxd4 (14.
Qxd4 Bc6 $11) 14... Rc8 15. Qd2 $14) 11. Qxd4 Kf8 (11... Rg8 12. b4 Qd8 13.
Rad1 f5 14. Qe3 fxe4 15. Qxe4 $14) 12. Qd3 Bc6 (12... f5 13. exf5 Bxb2 14. Rab1
$14) 13. b4 Qd8 (13... Qa4 14. c3 $14) 14. Rad1 {White have space advantage
and better pawn structure, Black have disconnected rooks and par of bishops.}
h5 15. h4 $5 Rc8 16. c4 {White play on all board!} b6 17. Rfe1 f5 $5 {attempt
to be released} (17... Bb7 18. Nf4 $16 {[%csl Rh5]}) 18. exf5 Bxd5 19. cxd5 Bc3
20. Rf1 Bxb4 21. Rc1 Rxc1 22. Rxc1 Bc5 {[%csl Rf8,Yg1] The position of Black
remains worse because of big difference between KK} 23. Rc3 (23. Qc3 Rh6 24. g3
$14) (23. Qe4 Qd7 24. g3 $14) 23... Qc8 24. Kf1 (24. Qf3 $14) 24... Rh6 25. Qf3
Qd7 26. Qe4 Rf6 27. Rf3 b5 $6 $16 (27... Qc8 28. g3 $1 $14 {[%csl Rh5][%cal
Gf3f4,Ge2h5]} (28. Rf4 Ba3 29. g3 Bc1 30. Rf3 Bh6 31. Kg2 $11)) 28. Rf4 Bb6 29.
Qc2 $5 (29. Bxh5 $16) 29... e5 $2 $18 (29... Qb7 30. Bxh5 e5 31. dxe6 fxe6 32.
Bf3 Qc7 33. Qxc7 Bxc7 34. g4 d5 (34... exf5 35. g5 $16) 35. Rb4 a6 36. Kg2 Bd6
37. Rd4 Be5 38. Rd1 $16) 30. fxe6 Qd8 {Black missed this move:} 31. Qh7 $5 ({
and this move} 31. Qe4 $1 fxe6 32. dxe6 Kg7 33. e7 Qe8 34. g3 $1 $18 {[%csl
Re8][%cal Ge2h5,Ge7e8]}) (31. Rxf6 $2 Qxf6 32. Bxb5 fxe6 $14) 31... Rxf4 32.
Qh6+ Ke7 33. Qxf4 fxe6 34. Qg5+ Kf8 35. Qh6+ Kg8 36. Qxe6+ Kg7 37. Bxh5 Qc7 (
37... Qf6 38. Qxf6+ Kxf6 39. f4 Kf5 40. g3 Ke4 41. Ke2 Kxd5 42. Bf7+ Kd4 43. h5
$18) 38. Qg6+ Kf8 39. Qe8+ Kg7 40. Qg6+ Kf8 41. Qh6+ Kg8 42. Qg5+ Kh8 43. Bg4
Qg7 44. Qxg7+ Kxg7 45. Bd7 b4 46. f4 Kf6 47. Ke2 a5 (47... a5 48. g4 $18) 1-0

[Event "RUS-Cup6"]
[Site "Krasnodar"]
[Date "1997.??.??"]
[Round "8"]
[White "Minasian, Ara"]
[Black "Zakharov, Alexander V"]
[Result "1/2-1/2"]
[WhiteElo "2440"]
[BlackElo "2375"]
[Annotator "Gofshtein,L"]
[PlyCount "67"]
[EventDate "1997.03.11"]
[EventType "swiss"]
[EventRounds "9"]
[EventCountry "RUS"]
[SourceTitle "EXT 2000"]
[Source "ChessBase"]
[SourceDate "1999.11.16"]
[SourceVersion "1"]
[SourceVersionDate "1999.11.16"]
[SourceQuality "1"]

1. e4 c5 2. Nf3 d6 3. d4 cxd4 4. Nxd4 Nf6 5. Nc3 Nc6 6. Bg5 a6 7. Qd2 Nxd4 8.
Qxd4 Qa5 9. f4 (9. Bd2 e5 10. Qd3 $5 (10. Qe3 Be6 11. Be2 Be7 12. g4 h6 13. Rg1
g5 14. a3 Rc8 15. O-O-O Qc5 $11) 10... Qc5 11. Bg5 Be6 12. Bxf6 gxf6 13. Be2
$14) 9... e5 10. Qd2 Be7 11. f5 (11. Bc4 $5) 11... b5 12. Bxf6 Bxf6 13. Qd5
$146 (13. Nd5 Qxd2+ 14. Kxd2 Bg5+ 15. Kc3 Rb8 16. a4 Bb7 17. axb5 Bxd5 18. exd5
axb5 19. Kb4 Bd2+ 20. c3 e4 21. f6 gxf6 22. Ra6 f5 23. Rxd6 Ke7 24. Rc6 $13 {
Kruppa-Zaharov,Russia 91}) 13... Ra7 14. Qc6+ (14. Qxd6 Rd7 15. Qc5 Bb7 16. Bd3
Rc7 17. Qe3 Be7 $44) 14... Ke7 15. O-O-O Rd8 16. Qd5 (16. Nd5+ $6 Kf8 17. Nxf6
gxf6 18. Rxd6 $2 Qe1+) 16... Rc7 17. Qb3 Bb7 18. Bd3 (18. Nd5+ Bxd5 19. Qxd5
Qa4 20. Bd3 Rdc8 $15) 18... b4 19. Nd5+ Bxd5 20. exd5 Rc5 21. Rhe1 (21. Be4
Rdc8 22. Kb1 Rc4 $11) 21... Rxd5 (21... Qb6) 22. Bc4 Rxd1+ 23. Rxd1 e4 (23...
d5 $5) 24. Bd5 (24. Bxf7 Qxf5 $17) 24... Kf8 25. Qe3 Qc5 26. Qxe4 Re8 27. Qc4
Qe3+ 28. Kb1 Qe5 29. Qxb4 a5 $11 30. Qb7 Re7 31. Qb8+ Re8 32. Qb7 Re7 33. Qb8+
Re8 34. Qb7 1/2-1/2

[Event "Olympiad-34"]
[Site "Istanbul"]
[Date "2000.11.05"]
[Round "8.2"]
[White "Krakops, Maris"]
[Black "Kovalev, Andrei"]
[Result "1-0"]
[WhiteElo "2522"]
[BlackElo "2537"]
[Annotator "Gofshtein,L"]
[PlyCount "109"]
[EventDate "2000.10.28"]
[EventType "team-swiss"]
[EventRounds "14"]
[EventCountry "TUR"]
[SourceTitle "EXT 2001"]
[Source "ChessBase"]
[SourceDate "2000.11.22"]
[SourceVersion "1"]
[SourceVersionDate "2000.11.22"]
[SourceQuality "1"]
[WhiteTeam "Latvia"]
[BlackTeam "Belarus"]
[WhiteTeamCountry "LAT"]
[BlackTeamCountry "BLR"]

1. e4 c5 2. Nf3 d6 3. d4 cxd4 4. Nxd4 Nf6 5. Nc3 Nc6 6. Bg5 a6 7. Qd2 Qb6 8.
Nb3 e6 9. Bxf6 (9. O-O-O Qc7 10. f4 Be7 11. Bxf6 (11. Be2 b5 12. Bf3 Bb7 13.
Bxf6 gxf6 14. Ne2 Rc8 15. Kb1 Nb8 16. f5 e5 17. Ng3 Nd7 18. Rc1 Bf8 $13) 11...
gxf6 12. Be2 h5 13. h4 b5 14. Bf3 Bb7 15. Kb1 O-O-O 16. Qe2 Rh7 17. Bxh5 Rdh8
18. g4 Nb8 {Kozirev-Sherbakov,Omsk1996}) (9. Bd3 Be7 10. O-O Qc7 11. a4 b6 12.
Rae1 (12. h3 Bb7 13. Be3 Ne5 14. Qe2 O-O 15. f4 Ned7 16. Nd4 Nc5 17. Bd2 d5 18.
e5 Nfe4 19. Bxe4 Nxe4 20. Nxe4 dxe4 21. Be3 Rfd8 {1/2-1/2 Prasad,
D-Chiburdanidze,M/Delhi 1984/MCL (21)}) 12... Bb7 13. f4 h6 14. Bxf6 (14. Bh4
$5 Nxe4 15. Rxe4 Bxh4 16. f5 Bg5 17. Nd5 Qd8 18. Qc3 e5 19. f6 $36) 14... Bxf6
15. Nd1 Nb8 $132 {1-0 Shinkevich,V-Sherbakov,R/Omsk/Perm 1998/EXT 2000 (38)}) (
9. Be2 Qc7 10. a4 b6 11. Bxf6 gxf6 12. f4 Bh6 13. O-O Bb7 14. Rf3 Rd8 15. Rh3
Bg7 16. f5 O-O 17. Qf4 Ne5 18. Rd1 Qe7 19. Qh4 h6 20. Qf2 Qc7 {0-1 Kasparov,
G-Anikaev,Y/Minsk 1979/URS-ch (68)}) 9... gxf6 10. Be2 {Interesting decision!
White planning short castle instead of usual 0-0-0 plan:} (10. O-O-O Bd7 (10...
Qc7 {-see comments to the game 1/2-1/2 Filippov,V-Iskusnyh,S/Seversk 1997/EXT
2000 (12)}) 11. f4 O-O-O 12. Kb1 Kb8 13. Be2 h5 14. Rhf1 Be7 15. Bf3 h4 16. Qe1
Na7 17. e5 Bc6 18. Bxc6 Nxc6 19. exd6 Rxd6 20. Rxd6 Bxd6 21. Ne4 Be7 22. f5 $14
{Sulskis-Gallaher,EU-TM1997}) 10... Qc7 11. a4 Na5 12. Nxa5 Qxa5 13. O-O h5 (
13... Bd7 14. b4 $5 Qc7 $132) 14. Kh1 Bd7 15. f4 Rc8 (15... Bc6 $6 16. Qd4 {
[%csl Rd6,Rf6]} Qc5 (16... Be7 17. b4 Qc7 18. b5 $16) 17. Qxf6 Rh6 18. Qh4 Qb4
19. f5 $16) 16. Qd4 Be7 $6 ({Interesting but risky is} 16... Rg8 17. Qxf6 Bg7
18. Qh4 Bxc3 19. bxc3 Rxc3 20. Bd3 Bc6 21. f5 Qe5 $132) 17. b4 $1 Qc7 18. Ra3
a5 19. Rb3 (19. bxa5 Qxa5 20. Rb3 $14) 19... axb4 20. Qxb4 h4 (20... d5 21. Qd4
dxe4 22. Nxe4 Rg8 $132) 21. h3 $6 (21. Qd4 Rg8 22. Rf3 $14 (22. Bb5 $14)) 21...
Rg8 22. f5 $4 {[%mdl 16384] This terrible move leads to hopeless position.} (
22. Qd4 Qc5 $11) 22... d5 $1 {[%csl Rh1][%cal Gc7h2] White has forgotten about
this threat...} 23. Qd4 Qg3 {[%csl Rh1][%cal Ge7c5,Ge7d6,Gd6h2]} 24. Bf3 Bc5
25. Qd3 (25. Qd2 Bd6 $19) 25... Bd6 {[%csl Rh1,Rh2][%cal Gd6h2] White has
absolutely lost position. Only miracle can help to White...} 26. Kg1 Qxh3 27.
Kf2 ({Hopeless also} 27. Rfb1 Qh2+ 28. Kf2 d4 29. Ne2 Bg3+ 30. Kf1 Qh1+ 31. Ng1
h3 32. gxh3 {[%cal Gf3h1]} Qh2 33. Qe2 Rxc2 $19) 27... Qg3+ 28. Ke2 Qe5 29.
fxe6 fxe6 30. Kd2 (30. Nb5 Bf8 $19 {[%csl Re2][%cal Gf8h6]}) 30... Rc4 (30...
d4 31. Nb5 Bc5 $19) 31. Kc1 Rd4 (31... Bb4 32. Rxb4 Rxb4 33. exd5 Rd4 $19) 32.
Qe2 Qg5+ (32... Rc4 $19) (32... Rb4 $19) 33. Kb1 Rd2 34. Qe1 d4 $2 $17 {
[%mdl 8192]} ({Winning position Black keep after} 34... Bg3 35. Qc1 d4 36. Nb5
Bf4 37. Nxd4 (37. Qe1 Bc6 $19) 37... Rxd4 38. Qxf4 Qxf4 39. Bh5+ Kd8 (39... Ke7
40. Rxf4 Rxg2 41. Rxb7 h3 42. Rh4 Kd6 (42... h2 43. Bf3 {[%cal Gh4h7]}) 43.
Rxh3 Bxa4 44. Rc3 Rxe4 $19) 40. Rxf4 Rxg2 41. Rxb7 Bc6 $17) 35. e5 $1 {This
move probably was missed by Black.} dxc3 $8 36. exd6 Rxd6 (36... e5 37. Rh1
Bxa4 38. Rxc3 Rxd6 39. Rxh4 Rb6+ 40. Ka1 Bc6 41. Ra3 $17) 37. Qxc3 (37. Rxb7
Bxa4 (37... Rd2 38. Qe4 $44) 38. Qxc3 Bd7 $17) 37... b6 $2 $15 {Passive move.}
({Why not} 37... Bc6 $17) 38. Qb4 Ke7 $6 $132 (38... Qc5 39. Qxh4 e5 $15) 39.
Rd1 Qc5 $8 40. Rxd6 Qxd6 41. Qxh4 (41. Qxd6+ Kxd6 42. Rxb6+ Kc5 43. a5 $132)
41... Rg7 42. Qh6 (42. Rd3 Qc5 43. Qe4 $132) 42... Rf7 $4 $18 {Passive, bad
move} ({Right was} 42... Rg5 $132) 43. Qe3 f5 (43... Qc5 44. Qxc5+ bxc5 45. a5
{[%mdl 4096]} Bc8 46. Rb8 Rf8 47. Ra8 $18 {[%cal Ga5a6]}) (43... Rh7 44. Rxb6
Qc7 45. a5 $18) (43... Bxa4 $2 44. Rxb6 Qe5 45. Qa3+ $18) 44. Rxb6 f4 45. Qf2
$1 (45. Rxd6 $6 fxe3 46. Rd3 $16) 45... Qa3 (45... Qe5 46. Qh4+ Kf8 47. Qd8+
Kg7 48. Rb8 Kg6 49. Rb7 Qd4 50. Be2 $18) 46. Rb3 Qd6 47. Qh4+ {To the P lack
is added vulnerable Ke7...} Kf8 48. Qd8+ Kg7 49. Qg5+ (49. Rb8 $18) 49... Kh8
50. Rb7 $2 $16 (50. Qd8+ $18) 50... Be8 51. Rb2 $2 $132 (51. Qh6+ Kg8 52. Qg6+
Kf8 53. Rxf7+ Bxf7 54. Qe4 $16) 51... Rh7 (51... Bxa4 $132) 52. Qf6+ Kg8 53.
Be4 Rh1+ $4 {The final mistake in the long chain of mistakes comedy.} (53...
Ra7 54. Qg5+ Kf8 55. a5 e5 $132) 54. Ka2 Re1 $6 (54... Qa6 $142 55. Rb4 Bxa4
56. Qg5+ Kh8 57. Bb7 (57. Rb8+ $4 Be8+ $19) (57. Qf6+ Kg8) 57... Bb3+ 58. Kxb3
Rb1+ 59. Kc3 Qa3+ 60. Rb3 Qa1+ 61. Kb4 Qd4+ 62. Kb5 $18) 55. Rb7 1-0

[Event "Elbow Beach Club GM-B"]
[Site "Paget Parish"]
[Date "2001.01.21"]
[Round "3"]
[White "Shahade, Gregory P"]
[Black "Thorhallsson, Throstur"]
[Result "1-0"]
[WhiteElo "2456"]
[BlackElo "2462"]
[Annotator "Gofshtein,L"]
[PlyCount "111"]
[EventDate "2001.01.19"]
[EventType "tourn"]
[EventRounds "11"]
[EventCountry "BER"]
[EventCategory "9"]
[SourceTitle "CBM 081"]
[Source "ChessBase"]
[SourceDate "2001.03.20"]
[SourceVersion "1"]
[SourceVersionDate "2001.03.20"]
[SourceQuality "1"]

1. e4 c5 2. Nf3 d6 3. d4 cxd4 4. Nxd4 Nf6 5. Nc3 Nc6 6. Bg5 Bd7 7. Be2 (7. Qd2
{-mainline}) 7... Qa5 8. Bxf6 gxf6 {[%mdl 16]} 9. O-O O-O-O $2 {this move is
mistake! Now Black Q is vulnerable} ({Not bad continuation is} 9... Nxd4 10.
Qxd4 Rc8 {-mainline}) ({In many games was played} 9... Rg8 $5 10. Nd5 (10. Kh1
Nxd4 11. Qxd4 f5 12. b4 (12. exf5 Bc6 $36 {0-1 Rutherford,S-Feldman,I/Sydney
1992/EXT 97 (45)}) 12... Qd8 13. exf5 Bg7 14. Qd3 Qc8 15. Nd5 Bxa1 16. Rxa1
Bxf5 17. Qe3 Be6 $17 {0-1 Jansa,V-Minev,N/Luhacovice 1973/MCD (61)}) (10. Nb3
Qg5 $132 {1/2-1/2 Puhm,A-Santos,L/Nice 1974/EXT 2000 (29)}) 10... Bh3 $5 {
1-0 Von Buelow,G-Neumann,J/Germany 1993/EXT 97-B (25)} (10... Nxd4 $6 11. Qxd4
Bg7 12. Rad1 f5 13. Qd3 fxe4 14. Qxe4 e6 15. Bh5 Rf8 16. b4 $36 {1-0 Kozomara,
V-Milic,B/Belgrade 1961/EXT 99 (20)})) (9... Rc8 10. Nd5 Nxd4 11. Qxd4 Qc5 12.
Qd3 Qxc2 13. Qe3 Qc5 14. Qb3 b5 15. a4 $44 {1-0 Kapnisis,S-Giniyatullin,R/
Oropesa del Mar 1999/CBM 72 ext (23)}) (9... Bg7 10. Nd5 e6 11. Nb3 Qd8 12. Ne3
Qc7 13. c3 Rd8 14. f4 Ne7 15. Nd4 a6 $132 {1/2-1/2 Geller,E-Radulov,I/Siegen
1970/MCD (16)}) (9... Qg5 $5 10. Kh1 Rg8 11. g3 Nxd4 12. Qxd4 e6 {1/2-1/2
Mednis,E-Dueball,J/Mannheim 1975/MCD (12)}) (9... h5 10. Nd5 h4 11. h3 Rc8 12.
Nf5 Qd8 13. Nde3 Ne5 $132 {1-0 Roser,K-Perrin,G/FRA 1999/EXT 2000 (37)}) 10.
Nd5 $5 (10. Nxc6 {leads to unclear position} bxc6 (10... Bxc6 11. Bh5 f5 12.
Bxf7 fxe4 13. Nd5 $36) 11. Bc4 e6 12. Qd4 Be7 $132) 10... e6 $2 ({The last
possibility of resistance was} 10... Nxd4 11. Qxd4 Qc5 $5 (11... e6 12. Qxf6
Rg8 13. Ne3 $16) 12. Qd3 $16) 11. Nb3 {[%csl Ra5][%cal Gb3a5]} Qa4 12. Nc3 Qb4
13. Bb5 $1 {[%mdl 64] Obstructing Q retreat way.} d5 $8 {Black had to
sacrifice P in order Q solving.} 14. a3 Qd6 15. exd5 $16 Ne5 (15... exd5 16.
Qxd5 $16) 16. Bxd7+ Qxd7 17. dxe6 $6 {now Black has certain chances to survive.
} ({After} 17. Qd4 $1 {position of Black is hopeless.} Kb8 (17... exd5 18. Qxa7
Rg8 19. Qa8+ Kc7 20. Qa5+ Kc8 21. Rfd1 Qh3 22. Qa8+ Kd7 (22... Kc7 23. Nb5+ Kc6
24. N3d4+ Kd7 25. Qxb7+ $18) 23. Rxd5+ Bd6 24. Rxd6+ Kxd6 25. Qxd8+ $18) 18. f4
Ng6 19. Qxf6 Be7 20. Qd4 $18) 17... Qxe6 $6 {Black doesn't use opportunity to
repair his PP structure.} ({Right was} 17... Qc6 $5 18. Qe2 fxe6 19. Rad1 $16)
18. Qh5 Rg8 19. Rad1 {Development is completed.} Bd6 ({In case of} 19... Rxd1
20. Rxd1 Rg5 21. Qe2 Qh3 22. g3 Rh5 23. f4 $18 {White has winning position.})
20. Nb5 Rg5 21. Nxd6+ Rxd6 22. Rxd6 Rxh5 (22... Qxd6 23. Qxh7 $18) 23. Rxe6
fxe6 24. Re1 {P lack and weaknesses makes position of Black hopeless.} Nc4 (
24... Rh4 25. c3 $1 $18 {[%cal Yb3d4]}) 25. Rxe6 Rf5 (25... Re5 26. Rxe5 fxe5
27. f3 Nxb2 28. Kf2 $16) (25... Nxb2 26. Rxf6 $18) 26. Nd4 Rd5 (26... Re5 27.
Rxe5 fxe5 28. Nf3 $18) 27. c3 Nxb2 28. Rxf6 Na4 29. Rf3 Kc7 30. h4 $18 Kd6 31.
g4 Kc5 32. Ne2 (32. Ne6+ $5) 32... Rd7 33. g5 Nb6 34. Rf4 Re7 35. Ng3 a5 (35...
Nd5 36. Re4 Rf7 37. Ne2 $18) 36. h5 Nd5 37. Re4 Rg7 38. Re5 Kc4 (38... Kd6 39.
Rf5 b5 40. Ne4+ $18) 39. Ne2 a4 40. f4 Rd7 (40... Nxc3 41. Nxc3 Kxc3 42. Rb5
Kd3 43. Kf2 $18) 41. g6 Nf6 (41... hxg6 42. hxg6 Kb3 43. Rg5 Kxa3 44. g7 $18)
42. Rf5 Nxh5 (42... Ne4 43. Rf7 Rd1+ 44. Kg2 hxg6 45. hxg6 Rd2 46. Kf3 $18) 43.
Rxh5 hxg6 44. Rg5 Rd6 45. Nd4 Rf6 46. Ra5 Ra6 (46... Rxf4 47. Rxa4+ Kd3 48. Rb4
$18) 47. Rxa6 bxa6 48. Ne2 Kb3 49. Kf2 Kxa3 50. Ke3 Kb3 51. Kd3 a3 52. Nc1+ Ka4
(52... Kb2 53. Kd2 a2 (53... a5 54. c4) 54. Nxa2 Kxa2 55. c4 $18) 53. c4 Kb4
54. Kd4 a5 55. c5 Kb5 56. Kd5 1-0

[Event "EU-ch 5th"]
[Site "Antalya"]
[Date "2004.05.22"]
[Round "7"]
[White "Ivanchuk, Vassily"]
[Black "Miroshnichenko, Evgenij"]
[Result "1-0"]
[WhiteElo "2716"]
[BlackElo "2599"]
[Annotator "Gofshtein,L"]
[PlyCount "89"]
[EventDate "2004.05.15"]
[EventType "swiss"]
[EventRounds "13"]
[EventCountry "TUR"]
[SourceTitle "CBM 101"]
[Source "ChessBase"]
[SourceDate "2004.07.27"]
[SourceVersion "1"]
[SourceVersionDate "2004.07.27"]
[SourceQuality "1"]

1. e4 c5 2. Nf3 d6 3. d4 Nf6 4. Nc3 cxd4 5. Nxd4 Nc6 6. Bg5 Qb6 7. Be3 $5 {
White challenges the opponent to take the pawn.} (7. Nb3) 7... a6 {Excepting
the challenge with 7...Qb2 is dangerous. White gets a serious initiative in
this case.} (7... Nxd4 8. Bxd4 Qa5 9. Bb5+ Bd7 10. Bxd7+ Nxd7 $16 {1-0
Balashov,Y-Hartmann,W/Hannover 1983/MCL (39)}) (7... Qxb2 8. Ndb5 Qb4 9. Bd2
$44 Nxe4 $2 10. a3 $18) (7... Ng4 8. Nd5 Nxe3 9. fxe3 Qa5+ 10. b4 $36) 8. Qd2 (
8. Nb3 Qd8 9. a4 e6 10. a5 Bd7 11. Be2 Be7 12. O-O O-O 13. f4 Nb4 14. Bf3 e5
15. Qe2 Qc8 16. Rfc1 Re8 17. Na4 Bb5 18. Qd2 Bxa4 19. Rxa4 exf4 20. Bxf4 Nc6
21. Nd4 Ne5 22. c4 Ng6 23. Bg3 Bf8 24. Re1 Ne5 25. b3 g6 26. Raa1 Bg7 27. Rad1
Nfd7 28. Nc2 {1/2-1/2 Chiburdanidze,M-Fedorowicz,J/Havana 1985/EXT 99 (28)})
8... Nxd4 $6 {An interesting solution. Black gets counterplay in spite of the
loss of tempis. Black could get a fine counterplay after 8...Qc7 as well as
was played in the game given below.} (8... Qc7 $5 9. Nd5 Nxd5 10. exd5 Ne5 11.
O-O-O Bd7 12. h3 Nc4 13. Bxc4 Qxc4 $132 {0-1 Kupreichik,V-Benjamin,J/Hastings
1984/MCD (40)}) (8... Qxb2 9. Rb1 $44 Qa3) 9. Bxd4 Qc6 10. Bd3 e5 $5 {A
typical move for this type of position. Black throws back the white active
bishop.} 11. Be3 Be6 (11... Be7 $5) 12. f4 $5 {White prevents the releasing
blow d6-d5 and is trying to seize the initiative.} exf4 (12... g6 13. f5 gxf5
14. exf5 Bd7 15. Bg5 $16) (12... d5 $2 13. exd5 Nxd5 14. f5) 13. Bd4 $5 Be7 {
The transfer of the knight to e5 via d7 deserved attention. Black sacrifices a
pawn and gets a good compensation because of the bishops pair.} (13... Nd7 $5
14. Qxf4 Ne5) 14. Qxf4 O-O 15. O-O-O Rac8 16. Rhf1 {White also activizes his
pieces.} Nd7 {[%cal Re7f6] Black wishes to exchange the dark squared bishops,
reducing the pressure of white's pieces.} (16... Rfe8 $5 17. Kb1 b5) 17. Nd5 $5
{[%mdl 512] White sacrifices a pawn in order to fight for the initiative.} Bd8
(17... Bxd5 18. exd5 Qxd5 19. Bf5 $44) 18. c3 Ne5 {Black offers a pawn by
himself, getting a pair of bishops. The simple 18...b5 also deserved attention.
} (18... b5 $5) 19. Bxe5 dxe5 20. Qxe5 Re8 21. Kb1 {White's centralized knight
is his main advantage. Black can't get any real compensation for the pawn.}
Bxd5 $2 {Black goes to a complex ending where white has a clear edge. 21...b5
was necessary waiting to see what white will do.} (21... b5) 22. exd5 Rxe5 (
22... Qd7 23. Qf5 $1 Qxf5 24. Bxf5 Rb8 25. d6 $36) 23. dxc6 bxc6 (23... Rxc6
24. Bxa6 $18) 24. Bxa6 {After the exchanges the game reached an endgame where
he has both a material and a positional advantage.} Rb8 25. Rd6 {[%csl Rc6]
Immideatly attacking the weak black pawn. 25.Bc4 was also interesting.} (25.
Bc4 Bf6 26. Rd7 Rf8 27. Kc2 $16) 25... Rd5 (25... Rc5 26. Kc2 Bf6 27. Bd3 $16)
26. Rd1 $5 {26.Rc6 was also possible but white's move is sounder.} (26. Rxc6
Rd2 27. b4 Rxg2 28. h3 Rg3 29. Bc8 g6 30. a4 $18) 26... Bf6 (26... Rxd1+ 27.
Rxd1 Bf6 28. Kc2 Kf8 29. Bc4 Ke7 30. b4 $18) 27. Kc2 (27. R1xd5 $5 {27.R1d5
was a stronger move from my point of view, preparing the advance of the
queenside pawns.} cxd5 28. Kc2 d4 (28... Ra8 29. Bb7 Rxa2 30. Bxd5 Ra7 31. b4
$18) 29. cxd4 Kf8 30. Bc4 Ke7 31. Rd5 $18) 27... Rc5 {Preventing the immideate
advance of the white pawns on the queenside.} 28. Rd7 g6 29. Rf1 Kg7 30. a3 h5
31. Rf4 $5 {Transfering the rook to a 4th rank, white prepares Bc4 and then
the advance of pawns on the queenside.} Rf8 32. Bc4 g5 33. Re4 g4 34. a4 {
After preparations white carries out his main plan.} Rf5 (34... Ra5 35. b3) 35.
Re2 {35.b4 was simpler.} (35. b4 $5 Rf2+ 36. Re2 $18) 35... Rf4 36. Bb3 Rf5 37.
Rb7 Kg6 38. Bc4 Kg5 {38...Rc5 was more stubborn, although white wins in this
case too, of course.} (38... Rc5 39. Bd3+ Kg7 40. Ra7) 39. Rxf7 Rxf7 40. Bxf7
Bxc3 41. Kxc3 Rxf7 42. b4 h4 43. a5 $18 {The passed pawns on the queenside and
a more active position of the white king lead to a quick win for white.} g3 44.
hxg3 hxg3 45. a6 1-0